| 000 | 00455nam a2200157 i 4500 | ||
|---|---|---|---|
| 001 | bg | ||
| 100 | 1 | _aDec, Tomasz. | |
| 245 | 0 |
_aObliczanie fundamentów pasmowych opartych na podłożu sprężystym / _cT. Dec, P. Glinicki. |
|
| 260 |
_aBiałystok, _c1991. |
||
| 700 | 1 |
_aGlinicki, Stanisław Paweł _d(1921-2008). |
|
| 040 | _cBPK | ||
| 041 | _apol | ||
| 080 | _a624.131.2/.4:624.15](075.8) | ||
| 942 | _cKS | ||
| 008 | s pl f |000 0 pol | ||
| 999 |
_c4551 _d4551 |
||
| 856 |
_uhttp://koha.tu.koszalin.pl/cgi-bin/koha/opac-detail.pl?biblionumber=4551 _yKatalog online BPK |
||